[Event "29th British Rapid 2015"]
[Site "Leeds ENG"]
[Date "2015.10.31"]
[Round "1.1"]
[White "Li, Harry"]
[Black "Hebden, Mark L"]
[Result "0-1"]
[BlackTitle "GM"]
[WhiteElo "1961"]
[BlackElo "2490"]
[WhiteFideId "430145"]
[BlackFideId "400084"]
[EventDate "2015.10.31"]

1. d4 Nf6 2. c4 g6 3. Nf3 Bg7 4. g3 O-O 5. Bg2 d6 6. O-O Nc6 7. Nc3 Rb8 8. h3 a6
9. e4 b5 10. d5 b4 11. Ne2 Na5 12. Qc2 c5 13. Bg5 h6 14. Bd2 b3 15. axb3 Nxb3
16. Ra3 Nxd2 17. Nxd2 Ne8 18. Rb3 Rxb3 19. Nxb3 Qb6 20. Nc3 f5 21. Kh2 f4 22.
Ra1 fxg3+ 23. fxg3 Be5 24. Nd2 Nf6 25. Nf3 Nd7 26. Ra3 Kg7 27. Na4 Qb4 28. Qb3
Bf6 29. Qxb4 cxb4 30. Ra1 Ne5 31. Nxe5 Bxe5 32. Rf1 Rxf1 33. Bxf1 Bd4 34. b3 Kf6
35. Kg2 Ke5 36. Bd3 h5 37. h4 a5 38. c5 Bxc5 39. Nxc5 dxc5 40. Kf3 Bd7 41. Ke3
a4 42. Bc2 a3 43. Bb1 Bb5 44. Ba2 Bf1 45. Bb1 Bg2 0-1

[Event "29th British Rapid 2015"]
[Site "Leeds ENG"]
[Date "2015.10.31"]
[Round "1.2"]
[White "Ghasi, Ameet K"]
[Black "Talbot, Nathan L"]
[Result "1-0"]
[WhiteTitle "IM"]
[WhiteElo "2469"]
[BlackElo "2108"]
[WhiteFideId "409200"]
[BlackFideId "419605"]
[EventDate "2015.10.31"]

1. Nf3 Nf6 2. g3 g6 3. Bg2 Bg7 4. O-O O-O 5. d4 d5 6. Nbd2 c5 7. dxc5 Na6 8. Nb3
Qc7 9. Bf4 Qd8 10. Be5 Bd7 11. Bxf6 Bxf6 12. Qxd5 Bc6 13. Qxd8 Rfxd8 14. c3 Bd5
15. Rfd1 e6 16. Nfd4 Bxg2 17. Kxg2 Rac8 18. Nb5 Nxc5 19. Rxd8+ Bxd8 20. Nd6 Nxb3
21. axb3 Rc6 22. Nxb7 Bb6 23. Na5 Rc7 24. Nc4 Bc5 25. Ne5 Kg7 26. Rd1 f6 27. Nc4
Be7 28. Kf3 Kf7 29. e4 e5 30. Rd5 Ke6 31. Ke2 Rb7 32. b4 Rc7 33. Ne3 f5 34.
exf5+ gxf5 35. f4 Bf6 36. Ra5 1-0

[Event "29th British Rapid 2015"]
[Site "Leeds ENG"]
[Date "2015.10.31"]
[Round "1.3"]
[White "Bak, Andrew"]
[Black "Ansell, Simon T"]
[Result "1/2-1/2"]
[BlackTitle "IM"]
[WhiteElo "2026"]
[BlackElo "2360"]
[WhiteFideId "421138"]
[BlackFideId "402141"]
[EventDate "2015.10.31"]

1. e4 c5 2. Nf3 Nc6 3. d4 cxd4 4. Nxd4 e5 5. Nb5 d6 6. N5c3 Be7 7. Nd5 Nf6 8.
Nbc3 O-O 9. Nxe7+ Qxe7 10. Bg5 Be6 11. Nd5 Bxd5 12. exd5 Nb4 13. Bxf6 Qxf6 14.
c3 Na6 15. Bxa6 bxa6 16. O-O Rab8 17. b3 e4 18. c4 Rfe8 19. Qd2 Qe5 20. Rad1 f5
21. Qd4 Qxd4 22. Rxd4 a5 23. Rc1 Rec8 24. Rc3 a4 25. f3 exf3 26. Rxf3 g6 27. g4
fxg4 28. Rxg4 axb3 29. axb3 Rf8 30. Rgg3 a5 31. Rxf8+ Kxf8 32. Rc3 Ke7 33. Re3+
Kd7 34. Rf3 Ke7 35. Re3+ Kd7 36. Rf3 Ke7 37. Re3+ Kd7 1/2-1/2

[Event "29th British Rapid 2015"]
[Site "Leeds ENG"]
[Date "2015.10.31"]
[Round "1.4"]
[White "Fernandez, Daniel Howard"]
[Black "Keely, Leo A"]
[Result "1-0"]
[WhiteTitle "IM"]
[WhiteElo "2476"]
[BlackElo "1950"]
[WhiteFideId "5801605"]
[BlackFideId "410241"]
[EventDate "2015.10.31"]

1. d4 Nf6 2. Nf3 e6 3. Bg5 h6 4. Bxf6 Qxf6 5. e4 c5 6. c3 cxd4 7. Qxd4 Qxd4 8.
cxd4 d6 9. Nbd2 Be7 10. Bb5+ Nd7 11. Rc1 a6 12. Bd3 Nf6 13. Nc4 Nd7 14. e5 d5
15. Nd6+ Bxd6 16. exd6 O-O 17. Rc7 Nf6 18. Kd2 Rd8 19. Rhc1 Ne8 20. Rxc8 Raxc8
21. Rxc8 Rxc8 22. d7 Rd8 23. dxe8=Q+ Rxe8 24. a4 b5 25. axb5 axb5 26. Kc3 Rb8
27. Kb4 Kf8 28. Ne5 Ra8 29. Bxb5 Ra1 30. Kc3 Ke7 31. b4 f6 32. Ng4 Rc1+ 33. Kb3
Rd1 34. Kc3 Rc1+ 35. Kd2 Rb1 36. Bd3 Rxb4 37. Kc3 Ra4 38. Ne3 Ra3+ 39. Kd2 Ra4
40. Nc2 e5 41. Bb5 Ra7 42. g3 Kd6 43. f3 Ra2 44. dxe5+ fxe5 45. Bd3 Ra7 46. Bg6
Ra2 47. h4 Ra4 48. Ke3 Rc4 49. h5 Rc3+ 50. Bd3 Ke6 51. Kd2 Rc7 52. Ne3 Rf7 53.
Ke2 Ra7 54. Bf5+ Kd6 55. Bc2 Ke6 56. Bb3 Ra5 57. g4 Rb5 58. Bc2 Kf6 59. Ba4 Ra5
60. Bb3 Rb5 61. Bxd5 Rb2+ 62. Kd3 Rf2 63. Be4 Ra2 64. Nf5 Ra3+ 65. Ke2 Ra2+ 66.
Ke3 Ra3+ 67. Kf2 Ra2+ 68. Kg3 Ra1 69. Ne3 Rc1 70. Nd5+ Kg5 71. Nb6 Rc7 72. Bf5
Rb7 73. Nc4 Kf6 74. Nd6 Rb8 75. Bg6 Ke7 76. Nc4 Kf6 77. Nd6 Ke7 78. Ne4 Rb3 79.
Bh7 Ra3 80. g5 hxg5 81. Kg4 Rb3 82. Nxg5 Kf6 83. Be4 Ra3 84. Nh7+ Ke6 85. Kg5
Ra7 86. Kg6 Re7 87. Ng5+ Kd6 88. Nh3 Ke6 89. Nf2 Kd6 90. Nh1 Ke6 91. Ng3 Ra7 92.
Nf5 Ra1 93. Nxg7+ 1-0

[Event "29th British Rapid 2015"]
[Site "Leeds ENG"]
[Date "2015.10.31"]
[Round "2.1"]
[White "Burke, Mitchell R"]
[Black "Ghasi, Ameet K"]
[Result "0-1"]
[BlackTitle "IM"]
[WhiteElo "1995"]
[BlackElo "2469"]
[WhiteFideId "416231"]
[BlackFideId "409200"]
[EventDate "2015.10.31"]

1. e4 g6 2. Nc3 d6 3. f4 Bg7 4. Nf3 e6 5. g3 Ne7 6. Bg2 O-O 7. O-O c5 8. d3 Nbc6
9. Be3 Nd4 10. Qd2 Bd7 11. Nd1 e5 12. c3 Nxf3+ 13. Bxf3 exf4 14. Bxf4 Bh3 15.
Re1 d5 16. Nf2 Be6 17. Bh6 d4 18. c4 f6 19. Bxg7 Kxg7 20. a3 Nc6 21. Bg4 Bg8 22.
Bh3 Ne5 23. Qe2 h5 24. b4 b6 25. Bg2 Be6 26. Nh3 Bg4 27. Qd2 Bxh3 0-1

[Event "29th British Rapid 2015"]
[Site "Leeds ENG"]
[Date "2015.10.31"]
[Round "2.2"]
[White "Hebden, Mark L"]
[Black "Allis, Richard"]
[Result "1-0"]
[WhiteTitle "GM"]
[WhiteElo "2490"]
[BlackElo "2093"]
[WhiteFideId "400084"]
[BlackFideId "435791"]
[EventDate "2015.10.31"]

1. d4 Nf6 2. Nf3 d5 3. c4 c6 4. e3 g6 5. Nc3 Bg7 6. Be2 O-O 7. O-O Ne4 8. Qb3 e6
9. Ne5 f6 10. Nd3 dxc4 11. Qxc4 Nd6 12. Qb3 Kh8 13. Bd2 Qe7 14. Rac1 Nd7 15.
Rfd1 Nb6 16. Na4 Nd5 17. Bf3 f5 18. Ne5 Rd8 19. Qa3 Bf8 20. Nc5 Qc7 21. b4 Nf7
22. Nxf7+ Qxf7 23. Qb3 b6 24. Nd3 Bb7 25. Ne5 Qe8 26. Rc2 Bd6 27. Rdc1 Bxe5 28.
dxe5 Rac8 29. e4 fxe4 30. Bxe4 Qe7 31. a3 Rf8 32. Qg3 Qg7 33. Bg5 Kg8 34. h4 h6
35. Bxd5 exd5 36. Bf6 Rxf6 37. exf6 Qxf6 38. Re2 Rf8 39. Rce1 Bc8 40. Re7 a5 41.
Rc7 axb4 42. axb4 Bf5 43. Ree7 b5 44. Qf4 Be4 45. Qxf6 Rxf6 46. Re8+ Rf8 47.
Rxf8+ Kxf8 48. Rxc6 Bd3 49. Rd6 Be4 50. f3 Ke7 51. Rb6 Bd3 52. Kf2 Kf7 53. Ke3
Bf1 54. g3 h5 55. Kd4 Bc4 56. Ke5 Kg7 57. g4 hxg4 58. fxg4 Be2 59. g5 Bc4 60.
Rb7+ Kg8 61. Kf6 Bd3 62. Rd7 Be4 63. h5 gxh5 64. g6 1-0

[Event "29th British Rapid 2015"]
[Site "Leeds ENG"]
[Date "2015.10.31"]
[Round "2.3"]
[White "Bramson, Mike"]
[Black "Fernandez, Daniel Howard"]
[Result "1/2-1/2"]
[BlackTitle "IM"]
[WhiteElo "1860"]
[BlackElo "2476"]
[WhiteFideId "423947"]
[BlackFideId "5801605"]
[EventDate "2015.10.31"]

1. e4 e5 2. Nc3 g6 3. Bc4 Bg7 4. d3 Ne7 5. Nf3 O-O 6. O-O d6 7. Bg5 h6 8. Be3
Bg4 9. h3 Bxf3 10. Qxf3 Nbc6 11. a3 Nd4 12. Bxd4 exd4 13. Ne2 c6 14. Nf4 Kh7 15.
Bb3 a5 16. Rfe1 a4 17. Ba2 Ra5 18. h4 h5 19. Nh3 Bh6 20. Qf6 Re5 21. f4 Rc5 22.
Re2 Ng8 23. Qxd8 Rxd8 24. Bxf7 Nf6 25. Be6 Re8 26. Ba2 Ng4 27. Rae1 Rb5 28. c4
dxc3 29. bxc3 Rc5 30. c4 Ra5 31. d4 Bg7 32. Ng5+ Rxg5 33. hxg5 Bxd4+ 34. Kh1 Bf2
35. Rd1 Bc5 36. e5 dxe5 37. Rd7+ Kh8 38. fxe5 Rf8 39. g3 Rf1+ 40. Kg2 Rg1+ 41.
Kf3 Rf1+ 42. Kg2 Rg1+ 43. Kf3 Rf1+ 1/2-1/2

[Event "29th British Rapid 2015"]
[Site "Leeds ENG"]
[Date "2015.10.31"]
[Round "2.4"]
[White "Jameson, David"]
[Black "Surtees, Mike J"]
[Result "1/2-1/2"]
[WhiteElo "2088"]
[BlackElo "2132"]
[WhiteFideId "1801538"]
[BlackFideId "412619"]
[EventDate "2015.10.31"]

1. d4 e6 2. e4 d5 3. Nd2 Nf6 4. Bd3 c5 5. e5 Nfd7 6. c3 Nc6 7. Ne2 a5 8. O-O a4
9. f4 a3 10. b3 cxd4 11. Nxd4 Nxd4 12. cxd4 Qb6 13. Nf3 Nb8 14. Qe2 Nc6 15. Be3
Bd7 16. Rfd1 Nb4 17. Rac1 Nxd3 18. Qxd3 Be7 19. Rc2 O-O 20. Rdc1 Rac8 21. Bd2 f6
22. Rxc8 Rxc8 23. Rxc8+ Bxc8 24. Qc3 Bd7 25. Kf2 h6 26. b4 Qa6 27. Bc1 Bb5 28.
exf6 Bxf6 29. Qxa3 Qxa3 30. Bxa3 Bc4 31. Ne5 Bxa2 32. b5 Bxe5 33. fxe5 Bc4 34.
b6 1/2-1/2

[Event "29th British Rapid 2015"]
[Site "Leeds ENG"]
[Date "2015.10.31"]
[Round "3.1"]
[White "Ghasi, Ameet K"]
[Black "Hebden, Mark L"]
[Result "1/2-1/2"]
[WhiteTitle "IM"]
[BlackTitle "GM"]
[WhiteElo "2469"]
[BlackElo "2490"]
[WhiteFideId "409200"]
[BlackFideId "400084"]
[EventDate "2015.10.31"]

1. Nf3 Nf6 2. g3 d6 3. Bg2 e5 4. O-O c6 5. c4 Nbd7 6. Nc3 Be7 7. Qc2 O-O 8. d4
Re8 9. h3 Bf8 10. e4 a6 11. b3 b5 12. Re1 Bb7 13. Bb2 Qa5 14. a3 bxc4 15. bxc4
Rab8 16. Ne2 exd4 17. Nfxd4 c5 18. Nb3 Qc7 19. Nc3 Ne5 20. Nd2 Nc6 21. Ne2 Nd7
22. Nf1 Qd8 23. Ne3 Bc8 24. Bc3 Nb6 25. Rad1 Be6 26. e5 Qc8 27. exd6 Bxh3 28.
Bxh3 Qxh3 29. Nf4 Qd7 30. Nf5 Rxe1+ 31. Rxe1 Nxc4 32. Nh5 Nxd6 33. Nfxg7 Bxg7
34. Bxg7 Qf5 35. Qd1 Nd4 36. Bxd4 cxd4 37. Qxd4 Qxh5 38. Qxd6 Ra8 39. Re5 Qg6
40. Qd2 h6 41. Kh2 Rc8 42. Qe3 Kh7 43. Qf3 Rc7 44. Rf5 Kg7 45. Rf4 Rc5 46. Rh4
Rf5 47. Qe3 Qg5 48. Qe2 Qf6 49. Kg2 Qc6+ 50. Kh2 Qf6 51. Rg4+ Rg5 52. Rf4 Qe5
53. Qxa6 Rh5+ 54. Kg2 Qd5+ 55. Rf3 Rf5 56. Qe2 h5 57. Qd3 Qxd3 58. Rxd3 Ra5 59.
Rf3 Kg6 60. Kf1 Ra4 61. Ke2 f5 62. Rb3 Kg5 63. Kf3 h4 64. gxh4+ Rxh4 65. Ke3 Ra4
66. f3 f4+ 67. Kf2 Kh4 68. Rc3 Ra8 69. Ke2 Kg3 70. Kd2 Kf2 71. Kc2 Ke2 72. Kb3
Kd2 73. Rc4 Ke3 74. Rc3+ Kd2 75. Rc4 Ke3 76. Rc3+ Kd2 77. Rc2+ Ke3 78. Rc3+ Kd2 1/2-1/2

[Event "29th British Rapid 2015"]
[Site "Leeds ENG"]
[Date "2015.10.31"]
[Round "3.2"]
[White "Walton, Alan J"]
[Black "Ansell, Simon T"]
[Result "0-1"]
[WhiteTitle "CM"]
[BlackTitle "IM"]
[WhiteElo "2205"]
[BlackElo "2360"]
[WhiteFideId "409898"]
[BlackFideId "402141"]
[EventDate "2015.10.31"]

1. d4 d5 2. c4 c6 3. Nf3 Nf6 4. Nc3 dxc4 5. a4 Bf5 6. Ne5 Nbd7 7. Nxc4 Nb6 8.
Ne5 a5 9. f3 Nfd7 10. Bf4 Nxe5 11. Bxe5 Nd7 12. Bf4 e5 13. dxe5 Qb6 14. e4 Be6
15. Qc1 Bc5 16. Be2 Bf2+ 17. Kf1 Bd4 18. g4 h5 19. Kg2 hxg4 20. fxg4 Nxe5 21.
Bxe5 Bxe5 22. h3 Rd8 23. Rd1 Rxd1 24. Nxd1 Rxh3 25. Kxh3 Qg1 0-1

[Event "29th British Rapid 2015"]
[Site "Leeds ENG"]
[Date "2015.10.31"]
[Round "3.3"]
[White "Fernandez, Daniel Howard"]
[Black "Jameson, David"]
[Result "1-0"]
[WhiteTitle "IM"]
[WhiteElo "2476"]
[BlackElo "2088"]
[WhiteFideId "5801605"]
[BlackFideId "1801538"]
[EventDate "2015.10.31"]

1. d4 d5 2. Nf3 Nf6 3. c4 c6 4. Bg5 Ne4 5. Bf4 Qa5+ 6. Nbd2 e6 7. a3 Nxd2 8.
Bxd2 Qc7 9. e3 Nd7 10. cxd5 exd5 11. Bd3 Be7 12. Qc2 h6 13. O-O O-O 14. h3 c5
15. dxc5 Qxc5 16. Bc3 Bf6 17. Rac1 Re8 18. Rfd1 b6 19. b4 Qxc3 20. Qxc3 Bxc3 21.
Rxc3 Nf6 22. Nd4 Re7 23. Rdc1 Be6 24. Ba6 g6 25. f3 Bd7 26. Kf2 Rae8 27. g4 Kg7
28. Be2 Ba4 29. h4 Nd7 30. g5 hxg5 31. hxg5 Ne5 32. Rc7 Nc4 33. Rxe7 Rxe7 34.
Bxc4 Rc7 35. Bb3 Rxc1 36. Bxa4 Ra1 37. Nc2 Ra2 38. Ke1 b5 39. Bb3 Rb2 40. Nd4 f6
41. gxf6+ Kxf6 42. Bxd5 1-0

[Event "29th British Rapid 2015"]
[Site "Leeds ENG"]
[Date "2015.10.31"]
[Round "4.1"]
[White "Hebden, Mark L"]
[Black "Surtees, Mike J"]
[Result "1-0"]
[WhiteTitle "GM"]
[WhiteElo "2490"]
[BlackElo "2132"]
[WhiteFideId "400084"]
[BlackFideId "412619"]
[EventDate "2015.10.31"]

1. d4 e6 2. Nf3 Nf6 3. Bg5 h6 4. Bh4 d6 5. Nbd2 Nbd7 6. e4 g5 7. Bg3 Nh5 8. Bd3
Bg7 9. c3 Qe7 10. Qe2 b6 11. O-O-O Bb7 12. Ne1 Nxg3 13. hxg3 c5 14. dxc5 Nxc5
15. Bb5+ Kf8 16. Nd3 a6 17. Nxc5 dxc5 18. Bd3 b5 19. e5 Bxg2 20. Rhe1 Bd5 21. c4
bxc4 22. Nxc4 Bxc4 23. Bxc4 h5 24. f4 h4 25. f5 exf5 26. Qf3 Rb8 27. Qxf5 Qb7
28. b3 1-0

[Event "29th British Rapid 2015"]
[Site "Leeds ENG"]
[Date "2015.10.31"]
[Round "4.2"]
[White "McPhillips, Joseph"]
[Black "Ghasi, Ameet K"]
[Result "1/2-1/2"]
[BlackTitle "IM"]
[WhiteElo "2368"]
[BlackElo "2469"]
[WhiteFideId "422487"]
[BlackFideId "409200"]
[EventDate "2015.10.31"]

1. e4 g6 2. d4 d6 3. Nf3 Bg7 4. Be2 Nf6 5. Nc3 O-O 6. O-O c6 7. a4 Nbd7 8. Re1
Qc7 9. h3 b6 10. Be3 Bb7 11. Nd2 a6 12. f4 e5 13. Bf3 Bh6 14. dxe5 dxe5 15. f5
Bxe3+ 16. Rxe3 b5 17. a5 Rad8 18. Qe1 Kg7 19. g4 g5 20. Ne2 c5 21. c4 b4 22. Nb3
Nb8 23. Bg2 Qe7 24. Nec1 Nc6 25. Nd3 Nd7 26. h4 h6 27. Rh3 f6 28. Qf2 Nd4 29.
Nxd4 exd4 30. e5 Bxg2 31. exf6+ Nxf6 32. Qxg2 Rfe8 33. Rf1 Qd6 34. hxg5 hxg5 35.
Qd2 Re3 36. Rxe3 dxe3 37. Qxe3 Qh2+ 38. Kxh2 Nxg4+ 39. Kg1 Nxe3 40. Nxc5 Rc8 41.
f6+ Kf7 42. Rf3 Rxc5 43. Rxe3 Rxa5 44. Re7+ Kxf6 45. Rb7 Ra1+ 46. Kf2 a5 47. Rb5
Rc1 48. b3 Rc3 49. Rxa5 Rxb3 50. Rb5 Kg6 51. c5 Rc3 52. Rxb4 Rxc5 53. Kg3 Kh5
54. Ra4 Rc3+ 55. Kg2 Rc2+ 56. Kg3 Rc3+ 57. Kg2 Rd3 58. Rb4 Kg6 59. Rb5 Kf6 60.
Ra5 Rd2+ 61. Kg3 Rd3+ 62. Kg2 Re3 63. Rb5 Kg6 64. Kf2 Ra3 65. Kg2 Ra4 66. Kg3
Kh5 67. Rc5 Ra3+ 68. Kg2 Kg4 69. Rc4+ Kh5 70. Rc5 Kh4 71. Rc2 Rb3 72. Ra2 Rc3
73. Rb2 Rg3+ 74. Kh2 Rf3 75. Kg2 Ra3 76. Rc2 Rd3 77. Rb2 Kg4 78. Rb4+ Kf5 79.
Rb5+ Kf4 80. Rb4+ Kf5 81. Rb5+ Kg4 82. Rb4+ Kh5 83. Rb5 Kh4 84. Rb2 Re3 85. Ra2
Re8 86. Rb2 g4 87. Ra2 Re4 88. Rb2 Rc4 89. Ra2 Kg5 90. Rb2 Kf4 91. Rf2+ Kg5 92.
Ra2 Kh4 93. Rb2 Rc3 94. Ra2 Re3 95. Rb2 Kg5 96. Ra2 Kf4 97. Ra4+ Re4 98. Rxe4+
Kxe4 99. Kg3 Kf5 100. Kg2 Kg5 101. Kg3 Kh5 102. Kg2 Kg6 103. Kg3 Kg5 104. Kg2
Kf4 105. Kf2 g3+ 106. Kg2 Kg4 107. Kg1 Kf3 108. Kf1 g2+ 109. Kg1 Kg3 1/2-1/2

[Event "29th British Rapid 2015"]
[Site "Leeds ENG"]
[Date "2015.10.31"]
[Round "4.3"]
[White "Ansell, Simon T"]
[Black "Klingher, Dominic"]
[Result "1-0"]
[WhiteTitle "IM"]
[WhiteElo "2360"]
[BlackElo "1801"]
[WhiteFideId "402141"]
[BlackFideId "428850"]
[EventDate "2015.10.31"]

1. e4 e6 2. d3 d5 3. Nd2 c5 4. Ngf3 Nc6 5. g3 Nge7 6. Bg2 g6 7. O-O Bg7 8. Re1
O-O 9. c3 d4 10. cxd4 cxd4 11. e5 b5 12. Ne4 Nd5 13. Bg5 f6 14. exf6 Bxf6 15.
Nxf6+ Nxf6 16. Ne5 Nxe5 17. Bxa8 Neg4 18. Qxg4 Nxg4 19. Bxd8 Rxd8 20. Bf3 Nf6
21. Rac1 a6 22. Rc7 Ne8 23. Ra7 Nd6 24. Ra8 Rf8 25. Bg2 Kg7 26. Rc1 h5 27. Rc6
Rd8 28. Rxd6 Rxd6 29. Rxc8 Kf6 30. Rc6 Rxc6 31. Bxc6 b4 32. f4 e5 33. fxe5+ Kxe5
34. h4 a5 35. Kf2 Kf6 36. Kf3 Ke5 37. Be4 Kf6 38. Kf4 a4 39. a3 Ke7 40. axb4 1-0

[Event "29th British Rapid 2015"]
[Site "Leeds ENG"]
[Date "2015.10.31"]
[Round "4.4"]
[White "Jones, Steven A"]
[Black "Fernandez, Daniel Howard"]
[Result "0-1"]
[BlackTitle "IM"]
[WhiteElo "2160"]
[BlackElo "2476"]
[WhiteFideId "419630"]
[BlackFideId "5801605"]
[EventDate "2015.10.31"]

1. e4 c5 2. Nf3 d6 3. d4 cxd4 4. Nxd4 Nf6 5. Nc3 Nbd7 6. Be3 a6 7. f3 g6 8. Qd2
Qc7 9. g4 h6 10. O-O-O b5 11. a3 Rb8 12. Nd5 Nxd5 13. exd5 Bb7 14. Nc6 Bxc6 15.
dxc6 Qxc6 16. Bg2 Bg7 17. f4 Qc7 18. Bd4 Bxd4 19. Qxd4 O-O 20. h4 Rfc8 21. Rd2
Qc4 22. Bd5 Qxd4 23. Rxd4 Rc5 24. b4 Rc3 25. h5 gxh5 26. Rxh5 Rbc8 27. Rd2 Nf6
28. Rxh6 Nxd5 29. Rxd5 Rxc2+ 30. Kb1 Rc1+ 31. Kb2 R1c2+ 32. Kb1 Rc1+ 33. Kb2
R8c2+ 34. Kb3 Rc3+ 35. Kb2 R1c2+ 36. Kb1 e6 37. Rxd6 Rf2 38. Rxa6 Rg3 39. Rh1
Rxf4 40. Rc1 Kg7 41. Kb2 Rf2+ 42. Rc2 Rxc2+ 43. Kxc2 Rxg4 44. Rc6 Rg3 45. Kb2
Rf3 46. Rc5 Rf5 47. Rxf5 exf5 48. a4 bxa4 49. b5 f4 50. b6 f3 51. b7 f2 52. b8=Q
f1=Q 53. Qg3+ Kf6 54. Qh4+ Ke5 55. Qe7+ Kd4 56. Qd6+ Ke3 57. Qe7+ Kd2 58. Qb4+
Ke2 59. Qe7+ Kd1 60. Qd8+ Ke1 61. Qa5+ Kf2 62. Qxa4 Qe2+ 63. Kc3 Qe3+ 64. Kc2 f5
65. Qh4+ Kg2 66. Kd1 Qd3+ 67. Ke1 Qf1+ 0-1

[Event "29th British Rapid 2015"]
[Site "Leeds ENG"]
[Date "2015.10.31"]
[Round "5.1"]
[White "Fernandez, Daniel Howard"]
[Black "Hebden, Mark L"]
[Result "1/2-1/2"]
[WhiteTitle "IM"]
[BlackTitle "GM"]
[WhiteElo "2476"]
[BlackElo "2490"]
[WhiteFideId "5801605"]
[BlackFideId "400084"]
[EventDate "2015.10.31"]

1. d4 Nf6 2. c4 g6 3. Nc3 Bg7 4. e4 d6 5. Nf3 O-O 6. Be2 e5 7. O-O Nc6 8. d5 Ne7
9. Ne1 Nd7 10. Nd3 f5 11. f3 f4 12. b4 g5 13. c5 Nf6 14. a4 Ng6 15. a5 Rf7 16.
Nf2 Bf8 17. c6 h5 18. cxb7 Bxb7 19. b5 Rg7 20. Bd2 Nh8 21. h3 Nf7 22. b6 cxb6
23. axb6 Qxb6 24. Qa4 Nh6 25. Qa5 Qxa5 26. Rxa5 Be7 27. Rfa1 Bd8 28. Rxa7 Rxa7
29. Rxa7 Bb6 30. Ra2 g4 31. Kf1 gxh3 32. Nxh3 Bc5 33. Ba6 Bxa6+ 34. Rxa6 Rb7 35.
Na4 Ba3 36. Ng5 Nf7 37. Ne6 Kh7 38. Nb6 Ne8 39. Nc4 Bc1 40. Bxc1 Rb1 41. Rc6
Rxc1+ 42. Ke2 Rc2+ 43. Nd2 Ra2 44. Rc8 Nf6 45. Rc7 Kg6 46. Nf8+ 1/2-1/2

[Event "29th British Rapid 2015"]
[Site "Leeds ENG"]
[Date "2015.10.31"]
[Round "5.2"]
[White "Ghasi, Ameet K"]
[Black "Ansell, Simon T"]
[Result "1/2-1/2"]
[WhiteTitle "IM"]
[BlackTitle "IM"]
[WhiteElo "2469"]
[BlackElo "2360"]
[WhiteFideId "409200"]
[BlackFideId "402141"]
[EventDate "2015.10.31"]

1. Nf3 d5 2. g3 Bg4 3. Bg2 Nd7 4. O-O Ngf6 5. d3 c6 6. Qe1 e5 7. h3 Bxf3 8. exf3
Bd6 9. f4 O-O 10. fxe5 Bxe5 11. Nd2 Re8 12. Qd1 a5 13. Nf3 Bd6 14. a4 Nf8 15. c3
Ne6 16. Kh1 Qc7 17. Be3 Bc5 18. Bd2 d4 19. Qc2 Qb6 20. b4 axb4 21. cxb4 Bxb4 22.
Rfb1 c5 23. Qc4 Qa6 24. Qxa6 bxa6 25. Bxb4 cxb4 26. Rxb4 Rab8 27. Rab1 Rxb4 28.
Rxb4 Nd5 29. Rc4 Nb6 30. Rb4 Nd5 31. Rb2 Nc3 32. a5 Nb5 33. Rc2 Rd8 34. Ne5 g6
35. Rc6 Nec7 36. Nc4 Kf8 37. Rb6 Re8 38. Be4 Re6 39. Kg2 Ke7 40. g4 Nc3 41. Bf3
N3b5 42. Kg3 g5 43. Be4 h6 44. Rb7 Kd8 45. Rb8+ Ke7 46. Rb7 Kd8 47. Bf5 Rf6 48.
h4 gxh4+ 49. Kxh4 Nd6 50. Nxd6 Rxd6 51. Be4 Rf6 52. f3 Kc8 53. Kh5 Re6 54. Rb6
Re5+ 55. Kxh6 Rxa5 56. Bf5+ Kd8 57. Rd6+ Ke8 58. Rxd4 Rd5 59. Rc4 Rd6+ 60. Kg7
Nd5 61. Be4 Nf6 62. Rc8+ Ke7 63. Bf5 Ne8+ 64. Kg8 Nf6+ 65. Kh8 Rd8+ 66. Rxd8
Kxd8 67. g5 Nd5 68. d4 a5 69. Bc2 Ke7 70. Bb3 Nf4 71. Kg7 Nh3 72. Kh6 Nf4 73.
Kg7 Nh3 74. g6 fxg6 75. Kxg6 Nf4+ 76. Kf5 Ne2 77. Ke5 Nc3 78. d5 a4 79. d6+ Kd8
80. Be6 a3 81. f4 a2 82. Bxa2 Nxa2 83. f5 Nb4 84. f6 Nd3+ 85. Kf5 Ke8 86. Kg6
Ne5+ 87. Kf5 Nf7 88. Ke6 Nxd6 89. Kxd6 Kf7 90. Ke5 Kf8 91. Kf5 Kf7 92. Kg5 Kf8
93. Kg6 Kg8 94. f7+ Kf8 95. Kf6 1/2-1/2

[Event "29th British Rapid 2015"]
[Site "Leeds ENG"]
[Date "2015.10.31"]
[Round "5.3"]
[White "Burnett, Jim"]
[Black "McPhillips, Joseph"]
[Result "1-0"]
[WhiteElo "2093"]
[BlackElo "2368"]
[WhiteFideId "402273"]
[BlackFideId "422487"]
[EventDate "2015.10.31"]

1. d4 d5 2. c4 Nc6 3. cxd5 Qxd5 4. e3 e5 5. Nc3 Bb4 6. Bd2 Bxc3 7. Bxc3 exd4 8.
Ne2 Bg4 9. f3 Bxf3 10. gxf3 Qxf3 11. Nxd4 Nxd4 12. Bxd4 Qxh1 13. Bxg7 Qxh2 14.
Qa4+ c6 15. O-O-O Rd8 16. Rxd8+ Kxd8 17. Qf4 Qxf4 18. exf4 f6 19. Bxh8 Ke7 20.
Bd3 h5 21. Kd2 Nh6 22. Bg7 Nf7 23. Ke3 Nd6 24. Kf3 c5 25. Kg3 b5 26. Kh4 c4 27.
Bc2 Kf7 28. Bh6 f5 29. Bg5 Kg6 30. Bd1 Ne4 31. Bxh5+ Kg7 32. Be7 c3 33. bxc3
Nxc3 34. a3 Nd5 35. Bd6 Kf6 36. Be5+ Ke6 37. Be2 b4 38. axb4 Nxb4 39. Bc4+ Ke7
40. Kg5 Nc2 41. Bd3 Ne1 42. Bxf5 Ng2 43. Be4 Nxf4 44. Kxf4 a5 45. Bc2 a4 46.
Bxa4 Ke6 47. Bb3+ Kd7 48. Bd5 Ke7 49. Kf5 Kd7 50. Kf6 Kc8 51. Ke6 Kd8 52. Bc6
Kc8 53. Kd6 Kd8 54. Bf6+ Kc8 55. Bd7+ Kb7 56. Bd8 Ka6 57. Kc5 Kb7 58. Kb5 Ka7
59. Bc7 Kb7 60. Be5 Ka7 61. Kc6 Ka6 62. Bc3 Ka7 63. Kc7 Ka6 64. Bc6 Ka7 65. Bb5
Ka8 66. Bd3 Ka7 67. Bd4+ Ka8 68. Be4# 1-0

[Event "29th British Rapid 2015"]
[Site "Leeds ENG"]
[Date "2015.10.31"]
[Round "5.4"]
[White "Surtees, Mike J"]
[Black "Nicholson, Jim W R"]
[Result "0-1"]
[WhiteElo "2132"]
[BlackElo "2010"]
[WhiteFideId "412619"]
[BlackFideId "417041"]
[EventDate "2015.10.31"]

1. e4 c6 2. Ne2 d5 3. e5 Bf5 4. Ng3 Bg6 5. h4 h6 6. h5 Bh7 7. e6 fxe6 8. d4 e5
9. dxe5 e6 10. Bd3 Bxd3 11. Qxd3 Qd7 12. Nd2 Na6 13. Nf3 O-O-O 14. Nh4 Ne7 15.
Bd2 c5 16. Qe2 Nc6 17. c3 Be7 18. Ng6 Rhe8 19. O-O Kb8 20. Rfd1 Qc7 21. Bf4 Qb6
22. b3 Nc7 23. Rab1 Qa6 24. Qb2 Na5 25. Nf1 Nb5 26. a4 Nc7 27. Nd2 Nc6 28. Re1
d4 29. Nc4 Nd5 30. cxd4 cxd4 31. Nxe7 Rxe7 32. Bg3 Rf8 33. Rbc1 Ndb4 34. Qd2 Rd7
35. Re4 Nd5 36. Rg4 Nb6 37. Nd6 Nd5 38. Rg6 Qb6 39. Rxe6 Qxb3 40. Rg6 Ka8 41. e6
Re7 42. Nf5 Rxf5 43. Bd6 Re8 44. a5 Nc3 45. Qd3 Rxa5 46. Rxg7 Qxe6 47. Rg6 Qd5 0-1

[Event "29th British Rapid 2015"]
[Site "Leeds ENG"]
[Date "2015.10.31"]
[Round "6.1"]
[White "Hebden, Mark L"]
[Black "Burnett, Jim"]
[Result "1-0"]
[WhiteTitle "GM"]
[WhiteElo "2490"]
[BlackElo "2093"]
[WhiteFideId "400084"]
[BlackFideId "402273"]
[EventDate "2015.10.31"]

1. d4 d5 2. Nf3 e6 3. c4 c6 4. e3 Nf6 5. Bd3 Nbd7 6. b3 b6 7. O-O Bb7 8. Nc3 Be7
9. Bb2 O-O 10. Qc2 h6 11. Rad1 Qc7 12. Ne5 Rad8 13. f4 Bd6 14. Qe2 Rfe8 15. g4
Bxe5 16. fxe5 Ne4 17. Nxe4 dxe4 18. Bxe4 c5 19. Bxb7 Qxb7 20. Rf4 Nf8 21. Qf3
Qxf3 22. Rxf3 Ng6 23. Rff1 Ne7 24. Kf2 Kh7 25. Kf3 Kg6 26. Ke4 f5+ 27. exf6 gxf6
28. dxc5 f5+ 29. gxf5+ exf5+ 30. Kf4 bxc5 31. Rg1+ Kf7 32. Ba3 Ng6+ 33. Kf3 Ne5+
34. Ke2 f4 35. Bxc5 f3+ 36. Kf2 Rxd1 37. Rxd1 Rg8 38. e4 Rg2+ 39. Ke3 Rxa2 40.
Bd4 Re2+ 41. Kf4 Ng6+ 42. Kxf3 Rxh2 43. Ra1 Rh3+ 44. Kg4 Rxb3 45. Rxa7+ Ke6 46.
Ra6+ Kf7 47. Rf6+ 1-0